[Event "POL-ChT3"]
[Site "Lazy POL"]
[Date "2012.09.07"]
[Round "7"]
[White "Polok, Kacper"]
[Black "Bugalski, Michal"]
[Result "1-0"]
[WhiteElo "2146"]
[BlackElo "2183"]
[EventDate "2012.09.01"]
[PlyCount "85"]

1.e4 c5 2.Nc3 Nc6 3.Bb5 e6 4.Bxc6 bxc6 5.d3 d6 6.f4 Ne7 7.Nf3 Ng6 8.O-O 
Be7 9.e5 d5 10.Na4 Ba6 11.b3 c4 12.Be3 Qa5 13.g4 Nf8 14.Nd4 Qc7 15.dxc4 
dxc4 16.b4 c3 17.Rf2 Bxb4 18.Rb1 c5 19.Rxb4 cxb4 20.Nc5 Bc4 21.Ne4 Rd8 22.
Qf3 Bd5 23.Nb5 Qc6 24.Nbd6+ Rxd6 25.Nxd6+ Qxd6 26.exd6 Bxf3 27.Rxf3 Nd7 
28.Bxa7 O-O 29.a3 Ra8 30.axb4 Rxa7 31.Rxc3 Ra8 32.Rc7 Rd8 33.c4 g5 34.c5 
gxf4 35.Rb7 Ne5 36.b5 Ra8 37.d7 Ra1+ 38.Kf2 Ra2+ 39.Kf1 Ra1+ 40.Kf2 Ra2+ 
41.Ke1 Ra8 42.c6 Kf8 43.Ra7 1-0

[Event "POL-ChT3"]
[Site "Lazy POL"]
[Date "2012.09.07"]
[Round "7"]
[White "Zielinski, Wojciech"]
[Black "Wieczorek, Zbigniew"]
[Result "0-1"]
[WhiteElo "2097"]
[BlackElo "2307"]
[EventDate "2012.09.01"]
[PlyCount "72"]

1.e4 g6 2.d4 Bg7 3.Nf3 c6 4.Nc3 d5 5.e5 Bg4 6.h3 Bxf3 7.Qxf3 e6 8.Bd3 Nd7 
9.O-O Ne7 10.Ne2 c5 11.c3 Nc6 12.Rb1 O-O 13.b4 cxd4 14.cxd4 a6 15.a4 f6 
16.exf6 Nxf6 17.Qe3 Re8 18.b5 axb5 19.axb5 Na5 20.Nf4 Qd6 21.Re1 Nd7 22.
Nxg6 hxg6 23.Bxg6 Nc4 24.Qg5 Rf8 25.Qh4 Nf6 26.Bg5 e5 27.Rb3 exd4 28.Rg3 
Ne5 29.Bf5 Rae8 30.Bxf6 Nf3+ 31.gxf3 Rxe1+ 32.Kh2 Qxf6 33.Qh7+ Kf7 34.Rg6 
Qe5+ 35.Kg2 Rh8 36.Be6+ Kf8 0-1

[Event "POL-ChT3"]
[Site "Lazy POL"]
[Date "2012.09.07"]
[Round "7"]
[White "Cherednichenko, Elena"]
[Black "Jurkiewicz, Joanna"]
[Result "1-0"]
[WhiteElo "2160"]
[BlackElo "1814"]
[EventDate "2012.09.01"]
[PlyCount "103"]

1.d4 Nf6 2.Nf3 e6 3.e3 b6 4.Bd3 Bb7 5.O-O Be7 6.c4 O-O 7.Nc3 d5 8.b3 Nbd7 
9.Bb2 c5 10.Ne5 dxc4 11.bxc4 cxd4 12.exd4 Nxe5 13.dxe5 Nd7 14.Qe2 a6 15.
Rad1 Qc7 16.f4 Nc5 17.Bb1 f5 18.exf6 Bxf6 19.Qc2 g6 20.Ne2 Be4 21.Qc1 Bf5 
22.Bxf6 Rxf6 23.Qd2 Rf7 24.Bxf5 exf5 25.Qd5 Re8 26.Nc3 Qb7 27.Qd4 Qc6 28.
Nd5 Re4 29.Qb2 Na4 30.Qa1 Rxc4 31.Ne3 Re4 32.Rd8+ Re8 33.Rxe8+ Qxe8 34.Nd5
Qc6 35.Qe5 Nc5 36.Ne7+ Rxe7 37.Qxe7 Qe4 38.Qd8+ Kg7 39.Qxb6 Nd3 40.h3 Kh6 
41.Qb1 Qd4+ 42.Kh2 Nxf4 43.Qc1 g5 44.Qc6+ Kh5 45.Qe8+ Kh6 46.Qf8+ Kg6 47.
Qe8+ Kh6 48.Qc6+ Kh5 49.Qf3+ Kg6 50.g3 Nd5 51.Qxf5+ Kg7 52.Qxg5+ 1-0

[Event "POL-ChT3"]
[Site "Lazy POL"]
[Date "2012.09.07"]
[Round "7"]
[White "Weichhold, Pawel"]
[Black "Krogulski, Grzegorz"]
[Result "1/2-1/2"]
[WhiteElo "2374"]
[BlackElo "2387"]
[EventDate "2012.09.01"]
[PlyCount "102"]

1.e4 c5 2.Nf3 Nc6 3.d4 cxd4 4.Nxd4 d5 5.Bb5 dxe4 6.O-O Bd7 7.Nxc6 Bxc6 8.
Bxc6+ bxc6 9.Qe2 e6 10.Nc3 Nf6 11.Qc4 Rc8 12.Nxe4 Nxe4 13.Qxe4 Qd5 14.Qg4 
h5 15.Qe2 Bc5 16.c3 O-O 17.b4 Bd6 18.Re1 Qf5 19.a4 Rfd8 20.h3 c5 21.b5 c4 
22.Qe4 Qxe4 23.Rxe4 Bc5 24.Be3 Bxe3 25.Rxe3 Rd2 26.Rb1 Ra2 27.Rb4 Ra1+ 28.
Kh2 Ra3 29.Kg3 Rc5 30.f4 g5 31.fxg5 Rxg5+ 32.Kh4 Rc5 33.Re4 Rxc3 34.a5 Kg7
35.b6 axb6 36.axb6 Rc8 37.Re5 Rd3 38.b7 Rd4+ 39.g4 Rb8 40.Rg5+ Kf6 41.Rxh5
Rd5 42.Rh6+ Kg7 43.Rh5 Rxh5+ 44.Kxh5 Kf6 45.Kh4 Ke5 46.Rxc4 Rxb7 47.Kg5 
f6+ 48.Kg6 f5 49.gxf5 exf5 50.Rc5+ Kf4 51.Rxf5+ Kg3 1/2-1/2

[Event "POL-ChT3"]
[Site "Lazy POL"]
[Date "2012.09.07"]
[Round "7"]
[White "Sygulski, Boguslaw"]
[Black "Kulon, Klaudia"]
[Result "0-1"]
[WhiteElo "2254"]
[BlackElo "2264"]
[EventDate "2012.09.01"]
[PlyCount "72"]

1.e4 c5 2.Nf3 Nc6 3.d4 cxd4 4.Nxd4 Nf6 5.Nc3 d6 6.Bg5 e6 7.Qd2 a6 8.O-O-O 
Bd7 9.f4 b5 10.Bxf6 gxf6 11.Kb1 Qb6 12.Nxc6 Bxc6 13.f5 b4 14.Ne2 e5 15.Ng3
h5 16.h4 a5 17.Bc4 a4 18.Qe2 Qc5 19.Rh3 Rc8 20.b3 axb3 21.Bxb3 Bb5 22.Qf3 
Bc4 23.Rhh1 Ke7 24.Rhe1 Rc7 25.Bxc4 Qxc4 26.Qd3 Qc5 27.Re2 Bh6 28.Nxh5 Ra8
29.Qd5 Rca7 30.Qxc5 dxc5 31.c3 bxc3 32.Rc2 Rb7+ 33.Ka1 Be3 34.Ng3 Rg8 35.
Ne2 Rxg2 36.a3 Rb2 0-1

[Event "POL-ChT3"]
[Site "Lazy POL"]
[Date "2012.09.07"]
[Round "7"]
[White "Adamowicz, Maciej"]
[Black "Markiewicz, Jerzy"]
[Result "1-0"]
[WhiteElo "1985"]
[BlackElo "2261"]
[EventDate "2012.09.01"]
[PlyCount "90"]

1.c4 f5 2.g3 Nf6 3.Bg2 g6 4.Nc3 Bg7 5.e3 O-O 6.Nge2 e5 7.d3 Nc6 8.O-O d6 
9.Rb1 Be6 10.Nd5 Qd7 11.Nec3 Ne8 12.b4 Nd8 13.b5 c6 14.Nb4 e4 15.Bb2 Rc8 
16.bxc6 bxc6 17.dxe4 Bxc4 18.Re1 a5 19.Nc2 fxe4 20.Nxe4 Bxa2 21.Ra1 Bxb2 
22.Rxa2 Bg7 23.Rxa5 Qf7 24.f4 d5 25.Ng5 Qb7 26.Rxd5 Nf6 27.Rd3 h6 28.Nf3 
Nf7 29.Nfd4 Rfe8 30.e4 Qb6 31.e5 c5 32.Rb3 Qa7 33.Rb7 Qa4 34.exf6 Rxe1+ 
35.Qxe1 Bxf6 36.Nb3 Re8 37.Qd2 c4 38.Nc5 Qa2 39.Bd5 Re7 40.Bxf7+ Kxf7 41.
Rxe7+ Bxe7 42.Qd5+ Kg7 43.Qe5+ Bf6 44.Qc7+ Kg8 45.Qb8+ Kf7 1-0

[Event "POL-ChT3"]
[Site "Lazy POL"]
[Date "2012.09.07"]
[Round "7"]
[White "Mrozek, Przemyslaw"]
[Black "Kamieniecki, Tomasz"]
[Result "1-0"]
[WhiteElo "2190"]
[BlackElo "1992"]
[EventDate "2012.09.01"]
[PlyCount "123"]

1.d4 Nf6 2.Nf3 g6 3.g3 Bg7 4.Bg2 O-O 5.O-O d6 6.Nbd2 Nbd7 7.e4 e5 8.c3 c6 
9.h3 Qc7 10.Kh2 b6 11.Qc2 Ba6 12.Re1 Rad8 13.b3 Rfe8 14.Bb2 Nf8 15.c4 N6d7
16.Nf1 Ne6 17.Rad1 c5 18.dxe5 dxe5 19.Ne3 Nd4 20.Qc3 Nf6 21.Nd5 Qd7 22.Bc1
Nxd5 23.exd5 h6 24.Nxd4 cxd4 25.Qd2 f5 26.Bb2 g5 27.f4 gxf4 28.gxf4 e4 29.
Bxd4 Bxd4 30.Qxd4 Qd6 31.Re3 Kh7 32.Rg3 Re7 33.Qe3 Rg8 34.Rxg8 Kxg8 35.Rg1
Rg7 36.Bf1 Rxg1 37.Kxg1 Bc8 38.Be2 Qc5 39.Qxc5 bxc5 40.Kf2 Kf7 41.Ke3 Ke7 
42.Kd2 Bd7 43.Kc3 Be8 44.Bd1 a5 45.a3 Kd6 46.b4 axb4+ 47.axb4 cxb4+ 48.
Kxb4 Bd7 49.Bb3 Be8 50.c5+ Kc7 51.Bd1 Bd7 52.Kc4 Bc8 53.Kd4 Ba6 54.Ba4 Bf1
55.h4 Bd3 56.Be8 Kd8 57.Ba4 Bf1 58.d6 Ba6 59.c6 Kc8 60.Kc5 e3 61.Kb6 e2 
62.c7 1-0

[Event "POL-ChT3"]
[Site "Lazy POL"]
[Date "2012.09.07"]
[Round "7"]
[White "Malaczek, Mateusz"]
[Black "Markiewicz, Mateusz"]
[Result "1-0"]
[WhiteElo "1816"]
[BlackElo "2067"]
[EventDate "2012.09.01"]
[PlyCount "83"]

1.c4 f5 2.g3 Nf6 3.Bg2 g6 4.Nf3 Bg7 5.O-O O-O 6.d3 d6 7.Nc3 e5 8.Rb1 h6 9.
b4 Nc6 10.e3 g5 11.b5 Ne7 12.Qb3 Kh7 13.d4 g4 14.Ne1 f4 15.exf4 exd4 16.
Ne2 Bf5 17.Nxd4 Bc8 18.Nec2 Qe8 19.Re1 Qf7 20.Bb2 Kh8 21.Ne3 Nd7 22.Nd5 
Nxd5 23.Bxd5 Nc5 24.Qc2 Bf5 25.Nxf5 Qxf5 26.Bxg7+ Kxg7 27.Re7+ Kf6 28.
Qxf5+ Kxf5 29.Rxc7 Rac8 30.Rxc8 Rxc8 31.Re1 Kf6 32.Kg2 b6 33.Re3 Rd8 34.f3
gxf3+ 35.Kxf3 Rd7 36.g4 Rd8 37.h4 Rd7 38.g5+ hxg5 39.hxg5+ Kf5 40.Re8 Kg6 
41.Kg4 Kg7 42.f5 1-0

[Event "POL-ChT3"]
[Site "Lazy POL"]
[Date "2012.09.07"]
[Round "7"]
[White "Jalowiec, Halina"]
[Black "Adamowicz, Katarzyna"]
[Result "1-0"]
[WhiteElo "2046"]
[BlackElo "2109"]
[EventDate "2012.09.01"]
[PlyCount "77"]

1.e4 e5 2.Nf3 Nc6 3.Bb5 a6 4.Ba4 Nf6 5.O-O Be7 6.Re1 b5 7.Bb3 d6 8.c3 O-O 
9.h3 Na5 10.Bc2 c5 11.d4 Qc7 12.Nbd2 cxd4 13.cxd4 Rd8 14.Nf1 d5 15.Nxe5 
dxe4 16.Be3 Bd6 17.Rc1 Qe7 18.Qe2 Be6 19.b3 Ba3 20.Rcd1 Bb4 21.Nd2 Nd5 22.
Bxe4 Nc3 23.Bxh7+ Kxh7 24.Qh5+ Kg8 25.Bg5 Qd6 26.Ne4 Nxe4 27.Rxe4 f5 28.
Rh4 Kf8 29.Ng6+ Kg8 30.Qh7+ Kf7 31.Ne5+ Qxe5 32.dxe5 Rxd1+ 33.Kh2 Re1 34.
Qh5+ Kf8 35.Qg6 Rxe5 36.Bf6 gxf6 37.Qxf6+ Ke8 38.Qxe5 Kd7 39.Rxb4 1-0

[Event "POL-ChT3"]
[Site "Lazy POL"]
[Date "2012.09.07"]
[Round "7"]
[White "Najbar, Marcin"]
[Black "Borgula, Rafal"]
[Result "1/2-1/2"]
[WhiteElo "2199"]
[BlackElo "2306"]
[EventDate "2012.09.01"]
[PlyCount "86"]

1.e4 e5 2.Bc4 Nf6 3.d3 Be7 4.Nf3 d6 5.Nbd2 O-O 6.O-O Nc6 7.c3 Na5 8.Bb5 a6
9.Ba4 b5 10.Bc2 c5 11.Re1 Re8 12.Nf1 Bf8 13.d4 cxd4 14.cxd4 Bg4 15.d5 Rc8 
16.Bd3 Qb6 17.Ne3 Bh5 18.h3 Bg6 19.Ng4 Nxg4 20.hxg4 Be7 21.Be3 Qb8 22.b3 
Bd8 23.Qd2 Re7 24.Nh4 Bb6 25.Nxg6 hxg6 26.Rec1 Rec7 27.Rxc7 Rxc7 28.Rc1 
Bxe3 29.Qxe3 Qc8 30.Rxc7 Qxc7 31.Qd2 Kf8 32.Qc2 Qxc2 33.Bxc2 b4 34.g5 Nb7 
35.g3 Nc5 36.f4 f6 37.gxf6 gxf6 38.Kf2 g5 39.Kf3 gxf4 40.gxf4 Kg7 41.f5 a5
42.Kg4 Kh6 43.Kh4 Nd7 1/2-1/2

[Event "POL-ChT3"]
[Site "Lazy POL"]
[Date "2012.09.07"]
[Round "7"]
[White "Konieczynski, Piotr"]
[Black "Krzywda, Andrzej"]
[Result "1-0"]
[WhiteElo "1933"]
[BlackElo "2153"]
[EventDate "2012.09.01"]
[PlyCount "117"]

1.d4 Nf6 2.c4 g6 3.Nc3 Bg7 4.e4 d6 5.h3 O-O 6.Nf3 c5 7.d5 b5 8.cxb5 a6 9.
bxa6 Bxa6 10.Bxa6 Nxa6 11.O-O Qb6 12.Qe2 Nd7 13.Bf4 Rfb8 14.Rab1 Qc7 15.
Rfe1 c4 16.e5 dxe5 17.Nxe5 Nxe5 18.Bxe5 Bxe5 19.Qxe5 Qxe5 20.Rxe5 Kf8 21.
Re4 Nb4 22.Rxc4 Nxa2 23.b4 Nxc3 24.Rxc3 Rb5 25.Rd3 Rd8 26.Kf1 Rbxd5 27.
Rxd5 Rxd5 28.b5 Rd7 29.Ke2 Ke8 30.Rb3 e6 31.Ke3 Ke7 32.f4 h5 33.g3 f6 34.
Ke4 Rd8 35.g4 hxg4 36.hxg4 Rd7 37.g5 f5+ 38.Ke3 Rb7 39.b6 Kd7 40.Kd4 Kd6 
41.Rb4 e5+ 42.fxe5+ Kc6 43.Rc4+ Kd7 44.Kc5 Rb8 45.Kb5 Ke6 46.Rc6+ Kxe5 47.
Rxg6 f4 48.Rg7 Rf8 49.g6 Kd6 50.Rf7 Rg8 51.Rxf4 Rxg6 52.Rd4+ Ke7 53.b7 
Rg5+ 54.Kb6 Rg1 55.b8=Q Rb1+ 56.Kc7 Rc1+ 57.Kb7 Rb1+ 58.Kc8 Rc1+ 59.Qc7+ 
1-0

[Event "POL-ChT3"]
[Site "Lazy POL"]
[Date "2012.09.07"]
[Round "7"]
[White "Malecki, Rafal"]
[Black "Katafiasz, Tomasz"]
[Result "1-0"]
[WhiteElo "2094"]
[BlackElo "1881"]
[EventDate "2012.09.01"]
[PlyCount "55"]

1.e4 c5 2.Nf3 Nc6 3.d4 cxd4 4.Nxd4 Nf6 5.Nc3 e5 6.Ndb5 d6 7.Nd5 Nxd5 8.
exd5 Nb8 9.a4 Be7 10.Be3 a6 11.Na3 Bg5 12.Bxg5 Qxg5 13.Nc4 Ke7 14.g3 Bg4 
15.Be2 Bxe2 16.Qxe2 Qg6 17.Nb6 Ra7 18.O-O Nd7 19.Qe3 Nxb6 20.Qxb6 Rha8 21.
a5 Qg4 22.Ra3 Qd7 23.Rc3 Kf6 24.f4 exf4 25.Rxf4+ Kg6 26.Rc7 Qe8 27.Qxd6+ 
Kg5 28.h4+ 1-0

[Event "POL-ChT3"]
[Site "Lazy POL"]
[Date "2012.09.07"]
[Round "7"]
[White "Majdan, Damian"]
[Black "Zgadzaj, Rafal"]
[Result "0-1"]
[WhiteElo "1779"]
[BlackElo "2153"]
[EventDate "2012.09.01"]
[PlyCount "120"]

1.Nf3 g6 2.g3 Bg7 3.Bg2 d6 4.d4 f5 5.c4 Nf6 6.Nc3 O-O 7.O-O c6 8.d5 Bd7 9.
Nd4 Qc7 10.e4 fxe4 11.Nxe4 c5 12.Ne6 Bxe6 13.dxe6 Nc6 14.Ng5 Nd4 15.Be3 
Nf5 16.Bd2 Rab8 17.Bc3 b5 18.b3 bxc4 19.bxc4 Qc8 20.Re1 Qa6 21.Qd3 Qa3 22.
Rac1 Nd4 23.Rcd1 Ng4 24.f4 Qxa2 25.Ne4 Qc2 26.Qxc2 Nxc2 27.Bxg7 Kxg7 28.
Re2 Nce3 29.Rc1 Nxg2 30.Kxg2 Rb4 31.Ra1 Ra8 32.Nc3 Nf6 33.Nb5 a6 34.Nc7 
Ra7 35.Nxa6 Rxc4 36.Rea2 Rb7 37.Re2 Re4 38.Rxe4 Nxe4 39.Re1 Nd2 40.Re2 Nc4
41.g4 Kf6 42.Kf3 Rb2 43.Rxb2 Nxb2 44.Nc7 Nc4 45.Ke4 Nd2+ 46.Kd5 Kg7 47.
Ne8+ Kf8 48.Nxd6 exd6 49.Kxd6 Ne4+ 50.Ke5 Nf2 51.h3 Nxh3 52.f5 gxf5 53.
gxf5 Ng5 54.Kd6 Ne4+ 55.Ke5 Ng3 56.f6 Nh5 57.f7 Ng7 58.Kd6 Nxe6 59.Kxe6 c4
60.Kf6 c3 0-1

[Event "POL-ChT3"]
[Site "Lazy POL"]
[Date "2012.09.07"]
[Round "7"]
[White "Sztwiertnia, Jan Krzysztof"]
[Black "Maksimenko, Andrei Jr"]
[Result "1-0"]
[WhiteElo "2073"]
[BlackElo "1896"]
[EventDate "2012.09.01"]
[PlyCount "73"]

1.d4 Nf6 2.c4 c5 3.d5 b5 4.Nf3 Bb7 5.a4 bxc4 6.Nc3 e6 7.e4 exd5 8.exd5 d6 
9.Bxc4 a5 10.O-O Be7 11.Re1 O-O 12.Qe2 Re8 13.Bg5 Nbd7 14.Bb5 Bf8 15.Qxe8 
Qxe8 16.Rxe8 Rxe8 17.Bxf6 Nxf6 18.Bxe8 Nxe8 19.Nd2 Nc7 20.Nc4 Nxd5 21.Nxa5
Ba8 22.Nc4 Nb4 23.Rd1 d5 24.Nb6 Bc6 25.Ncxd5 Nxd5 26.Rxd5 Bxd5 27.Nxd5 Bd6
28.a5 Kf8 29.a6 Bb8 30.Nc7 Ke7 31.Nb5 c4 32.a7 Bxa7 33.Nxa7 Kd6 34.Kf1 Kc5
35.Ke2 Kb4 36.Kd2 Kb3 37.Kc1 1-0

[Event "POL-ChT3"]
[Site "Lazy POL"]
[Date "2012.09.07"]
[Round "7"]
[White "Weglarz, Joanna"]
[Black "Hermanowicz, Dominika"]
[Result "1/2-1/2"]
[WhiteElo "2007"]
[BlackElo "2076"]
[EventDate "2012.09.01"]
[PlyCount "73"]

1.Nf3 d5 2.d4 e6 3.Bf4 c5 4.e3 Qb6 5.Nc3 Bd7 6.Rb1 Nf6 7.dxc5 Bxc5 8.Bd3 
O-O 9.O-O Bd6 10.Bxd6 Qxd6 11.e4 Nc6 12.Re1 dxe4 13.Nxe4 Nxe4 14.Bxe4 Qxd1
15.Rbxd1 Rfd8 16.Nd4 Kf8 17.Nxc6 Bxc6 18.Bxc6 bxc6 19.Kf1 Ke7 20.Rxd8 Rxd8
21.Re3 Rb8 22.b3 Rb5 23.Rg3 g6 24.Ke2 Ra5 25.a4 Rd5 26.Rd3 Kd6 27.b4 e5 
28.c4 Rxd3 29.Kxd3 f5 30.h4 Ke6 31.g3 Kd6 32.Kc3 h6 33.Kd3 Ke6 34.Ke3 Kd6 
35.Kd3 Ke6 36.Ke3 Kd6 37.Kd3 1/2-1/2

[Event "POL-ChT3"]
[Site "Lazy POL"]
[Date "2012.09.07"]
[Round "7"]
[White "Plichta, Kamil"]
[Black "Mickiewicz, Piotr"]
[Result "1-0"]
[WhiteElo "2195"]
[BlackElo "2363"]
[EventDate "2012.09.01"]
[PlyCount "95"]

1.d4 Nf6 2.c4 d6 3.Nc3 Nbd7 4.Nf3 e5 5.e4 g6 6.Be2 Bg7 7.O-O O-O 8.Be3 Re8
9.d5 Nh5 10.Re1 Nf4 11.Bf1 a5 12.a3 Nc5 13.b4 axb4 14.axb4 Rxa1 15.Qxa1 
Ncd3 16.Rb1 Bg4 17.Ne1 Nxe1 18.Rxe1 Qg5 19.Kh1 Qh5 20.c5 f5 21.Qa5 Nh3 22.
f3 Bxf3 23.gxf3 f4 24.Qxc7 fxe3 25.Bg2 Qh4 26.Rf1 Nf4 27.Qd7 Ra8 28.c6 e2 
29.Nxe2 Nxe2 30.cxb7 Ng3+ 31.Kg1 Ne2+ 32.Kh1 Rf8 33.Bh3 Kh8 34.Qc8 h5 35.
b8=Q Rxc8 36.Qxc8+ Kh7 37.b5 Nf4 38.b6 Nxh3 39.b7 Nf2+ 40.Kg2 Ng4 41.fxg4 
hxg4 42.Qc3 g3 43.hxg3 Qxe4+ 44.Kf2 Qf5+ 45.Kg1 Qd7 46.b8=Q e4 47.Rf2 g5 
48.Qcc8 1-0

[Event "POL-ChT3"]
[Site "Lazy POL"]
[Date "2012.09.07"]
[Round "7"]
[White "Khamidov, Komil"]
[Black "Nguyen, Piotr"]
[Result "0-1"]
[WhiteElo "2113"]
[BlackElo "2382"]
[EventDate "2012.09.01"]
[PlyCount "56"]

1.e4 e6 2.d4 d5 3.Nc3 Bb4 4.Qd3 Ne7 5.Ne2 O-O 6.Bd2 a6 7.O-O-O c5 8.h4 
cxd4 9.Nxd4 e5 10.Nf5 Nxf5 11.exf5 d4 12.Ne4 Bxd2+ 13.Nxd2 Nc6 14.Qe4 Bd7 
15.Kb1 Rc8 16.Rh3 Nb4 17.Rg3 Qf6 18.Rg5 h6 19.Rh5 Bc6 20.Qg4 Bd5 21.b3 
Nxc2 22.Bd3 Nb4 23.Be4 Qc6 24.f6 Bxe4+ 25.Qxe4 Qxf6 26.Rxe5 Qxf2 27.Qxb7 
Nd3 28.Re7 Qxd2 0-1

[Event "POL-ChT3"]
[Site "Lazy POL"]
[Date "2012.09.07"]
[Round "7"]
[White "Paterek, Michal"]
[Black "Kulas, Szymon"]
[Result "1/2-1/2"]
[WhiteElo "2304"]
[BlackElo "2059"]
[EventDate "2012.09.01"]
[PlyCount "107"]

1.d4 Nf6 2.c4 g6 3.Nc3 Bg7 4.e4 d6 5.Nf3 O-O 6.Be2 e5 7.O-O Nc6 8.d5 Ne7 
9.Bd2 Nd7 10.Rc1 f5 11.Ng5 Nf6 12.exf5 Nxf5 13.f4 e4 14.g4 Nd4 15.Ngxe4 
Nxe4 16.Nxe4 Qh4 17.g5 Bh3 18.Rf2 Rae8 19.Bf3 Nxf3+ 20.Qxf3 Bd4 21.Nf6+ 
Rxf6 22.gxf6 Bg4 23.Qg2 Re2 24.Be1 Rxb2 25.a4 Kf7 26.Qg3 Qxg3+ 27.hxg3 b6 
28.a5 Ra2 29.axb6 axb6 30.Kg2 Bxf2 31.Bxf2 Kxf6 32.Kf1 Rd2 33.Be1 Ra2 34.
Bf2 Re2 35.Re1 Rxe1+ 36.Kxe1 Kf5 37.Kd2 b5 38.cxb5 Bf3 39.b6 cxb6 40.Bxb6 
Kg4 41.Bf2 Bxd5 42.Ke3 h5 43.Be1 Kh3 44.Kf2 Be4 45.Bc3 Kg4 46.Bf6 Kf5 47.
Bd8 Ba8 48.Ke3 Kg4 49.Kf2 d5 50.Bb6 h4 51.gxh4 Kxf4 52.Ke2 Ke4 53.Kd2 d4 
54.Bd8 1/2-1/2

[Event "POL-ChT3"]
[Site "Lazy POL"]
[Date "2012.09.07"]
[Round "7"]
[White "Perdek, Miroslaw"]
[Black "Skawinski, Arkadiusz"]
[Result "1/2-1/2"]
[WhiteElo "2236"]
[BlackElo "2309"]
[EventDate "2012.09.01"]
[PlyCount "91"]

1.e4 e6 2.d4 d5 3.Nd2 Nc6 4.Ngf3 Nf6 5.e5 Nd7 6.Be2 f6 7.exf6 Qxf6 8.Nf1 
Bd6 9.Ne3 O-O 10.O-O Qg6 11.c4 Nf6 12.c5 Be7 13.Bb5 Bd7 14.Re1 Qh5 15.Nf1 
Ne4 16.Ng3 Nxg3 17.hxg3 Qf5 18.Bf4 Rac8 19.b4 Bf6 20.Qd2 h6 21.Bd3 Qh5 22.
Bc2 Qf7 23.b5 Ne7 24.a4 g5 25.Be5 Be8 26.Bxf6 Qxf6 27.Ne5 Nf5 28.Qd3 Qg7 
29.g4 Ne7 30.Re3 Rf6 31.Qe2 Ra8 32.Bd3 Rd8 33.Re1 Rf4 34.Nf3 Bf7 35.g3 Rf6
36.Ne5 Be8 37.Bc2 Ra8 38.Bd3 Rd8 39.Kg2 Qf8 40.Rf3 Qg7 41.Bc2 Rb8 42.Rxf6 
Qxf6 43.Qd3 Qg7 44.f4 gxf4 45.gxf4 a6 46.Kf3 1/2-1/2

[Event "POL-ChT3"]
[Site "Lazy POL"]
[Date "2012.09.07"]
[Round "7"]
[White "Flak, Pawel"]
[Black "Czyz, Artur"]
[Result "1-0"]
[WhiteElo "2243"]
[BlackElo "2031"]
[EventDate "2012.09.01"]
[PlyCount "107"]

1.d4 Nf6 2.Nf3 g6 3.Bf4 Bg7 4.e3 O-O 5.Bc4 d6 6.h3 Nbd7 7.c3 Qe8 8.O-O e5 
9.dxe5 dxe5 10.Bh2 Ne4 11.Bd5 Nd6 12.Nbd2 Qe7 13.Nc4 Nxc4 14.Bxc4 Nb6 15.
Bb3 Bf5 16.Qe2 Rfd8 17.Rfd1 Kh8 18.Bg3 Be4 19.Rxd8+ Rxd8 20.Rd1 f6 21.Bc2 
Bxc2 22.Qxc2 Rd6 23.Rd2 Qd7 24.Qd1 Rxd2 25.Qxd2 Kg8 26.b3 c6 27.Qc2 Bf8 
28.Kf1 Qd5 29.e4 Qd7 30.Ke2 a5 31.Nd2 Bh6 32.f3 Bxd2 33.Qxd2 Qe7 34.Bf2 c5
35.b4 axb4 36.cxb4 Na4 37.bxc5 Qe6 38.Ke1 Qa6 39.Be3 g5 40.h4 h6 41.Kf2 
Qb5 42.Kg3 Nb2 43.Qd8+ Kf7 44.Kg4 Qe2 45.Qc7+ Ke8 46.Qc8+ Ke7 47.Qxb7+ Ke6
48.Qd5+ Ke7 49.Qd6+ Ke8 50.Qd2 f5+ 51.Kxf5 Qb5 52.Qd5 Nc4 53.Ke6 Qa6+ 54.
c6 1-0

[Event "POL-ChT3"]
[Site "Lazy POL"]
[Date "2012.09.07"]
[Round "7"]
[White "Poznanska, Katarzyna"]
[Black "Leszner, Liliana"]
[Result "0-1"]
[WhiteElo "2086"]
[BlackElo "2068"]
[EventDate "2012.09.01"]
[PlyCount "112"]

1.e4 g6 2.d4 Bg7 3.Be3 d6 4.Qd2 c6 5.Nc3 Nd7 6.f3 b5 7.h4 h5 8.Nh3 Nb6 9.
Ng5 Nh6 10.Be2 a5 11.a3 Bd7 12.Nd1 d5 13.e5 Bf5 14.Nf2 Nc4 15.Bxc4 bxc4 
16.O-O Rb8 17.Rab1 f6 18.exf6 exf6 19.Rfe1 O-O 20.Ne6 Bxe6 21.Bxh6 Bf5 22.
Bf4 Rb7 23.Re2 Re8 24.Rxe8+ Qxe8 25.Bd6 Qd8 26.Bc5 Kh7 27.Qe2 Bh6 28.b3 
Bf4 29.g4 Bc8 30.Nh3 Bg3 31.b4 Bxh4 32.Nf4 Qc7 33.Ng2 Bg5 34.Re1 hxg4 35.
Qe8 f5 36.fxg4 fxg4 37.Re5 Bf5 38.Nf4 Rb8 39.Ne6 Rxe8 40.Nxc7 Rxe5 41.dxe5
axb4 42.axb4 Bf4 43.Bd4 Bxc2 44.e6 Bg5 45.b5 cxb5 46.Nxd5 Bf5 47.e7 Bd7 
48.Bc5 Kg7 49.Nb6 Be8 50.Nc8 Bf4 51.Kf2 Be5 52.Ke3 Kf6 53.Bb4 g5 54.Ke2 g3
55.Na7 Bd4 56.Nc8 g2 0-1

[Event "POL-ChT3"]
[Site "Lazy POL"]
[Date "2012.09.07"]
[Round "7"]
[White "Musialkiewicz, Jan"]
[Black "Stachanczyk, Jacek"]
[Result "1-0"]
[WhiteElo "2224"]
[BlackElo "2247"]
[EventDate "2012.09.01"]
[PlyCount "47"]

1.e4 c5 2.Nf3 Nc6 3.d4 cxd4 4.Nxd4 Nf6 5.Nc3 d6 6.Bg5 e6 7.Qd2 a6 8.O-O-O 
Bd7 9.f4 b5 10.Bxf6 gxf6 11.Nxc6 Bxc6 12.Qe1 b4 13.Nd5 a5 14.Kb1 Ra7 15.
Qf2 Rb7 16.Ba6 exd5 17.Bxb7 Bxb7 18.exd5 Be7 19.Rhe1 Qc7 20.Qg3 Kf8 21.Re3
Rg8 22.Qh3 Kg7 23.Rde1 Rc8 24.Qf5 1-0

[Event "POL-ChT3"]
[Site "Lazy POL"]
[Date "2012.09.07"]
[Round "7"]
[White "Gumula, Daniel"]
[Black "Bardeli, Lukasz"]
[Result "1-0"]
[WhiteElo "2273"]
[BlackElo "2287"]
[EventDate "2012.09.01"]
[PlyCount "91"]

1.d4 d5 2.c4 c6 3.Nf3 Nf6 4.Nc3 a6 5.c5 Nbd7 6.Bf4 g6 7.e3 Bg7 8.Be2 O-O 
9.Ne5 Ne8 10.h4 Nxe5 11.Bxe5 f6 12.Bg3 e5 13.h5 Qe7 14.hxg6 hxg6 15.Qc2 e4
16.O-O-O f5 17.f4 exf3 18.Bxf3 Qxe3+ 19.Kb1 Nf6 20.Rhe1 Qg5 21.Bd6 Rf7 22.
Re7 Rxe7 23.Bxe7 Qe3 24.Bxf6 Bxf6 25.Bxd5+ cxd5 26.Nxd5 Qg5 27.Nb6 Rb8 28.
Re1 Qh4 29.Re8+ Kg7 30.Rxc8 Rxc8 31.Nxc8 Qxd4 32.a3 Be5 33.Nb6 Kf6 34.Ka2 
g5 35.Qb3 Kg6 36.Nc4 Bf6 37.Nd6 g4 38.Qg8+ Kh5 39.Qh7+ Kg5 40.Qxf5+ Kh6 
41.Qc2 Qd5+ 42.Ka1 a5 43.Kb1 Kg7 44.Qe2 Qxc5 45.Qxg4+ Kh8 46.Qe6 1-0

[Event "POL-ChT3"]
[Site "Lazy POL"]
[Date "2012.09.07"]
[Round "7"]
[White "Nowak, Rafal"]
[Black "Tokarski, Lukasz"]
[Result "0-1"]
[WhiteElo "2054"]
[BlackElo "2278"]
[EventDate "2012.09.01"]
[PlyCount "42"]

1.d4 g6 2.e4 Bg7 3.Nc3 d6 4.Be3 a6 5.h3 Nd7 6.Nf3 b5 7.a4 b4 8.Nb1 Bb7 9.
Bd3 c5 10.c3 cxd4 11.cxd4 Ngf6 12.Nbd2 O-O 13.O-O a5 14.Qe2 Qb8 15.Rfe1 
Rc8 16.Bb5 Rc7 17.Bg5 h6 18.Bxf6 Nxf6 19.e5 Nd5 20.e6 f5 21.Nh4 Kh7 {
Partia nieczytelna} 0-1

[Event "POL-ChT3"]
[Site "Lazy POL"]
[Date "2012.09.07"]
[Round "7"]
[White "Kolosowski, Pawel"]
[Black "Dzwikowski, Adam"]
[Result "1-0"]
[WhiteElo "2280"]
[BlackElo "2018"]
[EventDate "2012.09.01"]
[PlyCount "46"]

1.e4 Nf6 2.e5 Nd5 3.d4 d6 4.Nf3 c6 5.c4 Nc7 6.exd6 exd6 7.Bd3 Be7 8.O-O 
O-O 9.h3 b5 10.cxb5 cxb5 11.Be4 d5 12.Bc2 Nd7 13.Nc3 Rb8 14.Bf4 Nf6 15.Be5
Rb6 16.g4 Nfe8 17.Qd3 f5 18.Ne2 Bg5 19.Nxg5 Qxg5 20.f4 Qh4 21.Kg2 Nd6 22.
g5 Ne4 23.Nc3 Qh5 1-0

[Event "POL-ChT3"]
[Site "Lazy POL"]
[Date "2012.09.07"]
[Round "7"]
[White "Kujawski, Jan"]
[Black "Siedlinski, Piotr"]
[Result "1-0"]
[WhiteElo "2106"]
[BlackElo "2092"]
[EventDate "2012.09.01"]

1.e4 d5 2.exd5 Qxd5 3.Nc3 Qa5 4.Nf3 Nf6 5.Be2 Bf5 6.O-O e6 7.d3 c6 8.Bd2 
Qc7 9.Nh4 Be7 10.Nxf5 exf5 11.d4 Nbd7 12.Bf3 Nb6 13.Ne2 Bd6 14.h3 Ne4 15.
b3 O-O-O 16.c4 c5 17.d5 Rdg8 18.Bxe4 fxe4 19.Nc3 f5 20.f3 exf3 21.Qxf3 Rf8
22.Nb5 Qb8 23.Bc3 Rhg8 24.Rae1 Bh2+ 25.Kh1 a6 26.Ba5 Nd7 27.Na7+ Qxa7 28.
Kxh2 Qb8+ 29.Kg1 Rf7 30.Re6 g6 31.Rfe1 Nf6 32.Bc3 1-0

[Event "POL-ChT3"]
[Site "Lazy POL"]
[Date "2012.09.07"]
[Round "7"]
[White "Guzik, Jolanta"]
[Black "Golek, Jagoda"]
[Result "1/2-1/2"]
[WhiteElo "2139"]
[BlackElo "2061"]
[EventDate "2012.09.01"]

1.c4 g6 2.Nc3 Bg7 3.g3 c5 4.Bg2 Nc6 5.a3 Nf6 6.Rb1 O-O 7.d3 Rb8 8.e4 d6 9.
Nge2 a6 10.f4 Nd7 11.Be3 Nd4 12.O-O b5 13.cxb5 Nxe2+ 14.Nxe2 axb5 15.b4 
cxb4 16.axb4 Nb6 17.Nd4 Bd7 18.Qd2 Rc8 19.Rfc1 Na4 20.Bf1 Rxc1 21.Rxc1 Qb8
22.Nc6 Bxc6 23.Rxc6 Rc8 24.Rxc8+ Qxc8 25.d4 Qc3 26.e5 Qb3 27.Bf2 Nc3 28.
Be1 Nd5 29.Bxb5 dxe5 30.dxe5 e6 31.Bc6 Bf8 32.Bxd5 exd5 33.Qd4 Qb1 34.Kf1 
Qb3 35.Kg2 Qc2+ 36.Kg1 Qb1 37.Kf1 Qb3 38.Kg2 Qc2+ 39.Bd2 Qb3 40.Bc3 Qc2+ 
41.Kg1 Qb1+ 42.Kg2 Qc2+ 1/2-1/2

[Event "POL-ChT3"]
[Site "Lazy POL"]
[Date "2012.09.07"]
[Round "7"]
[White "Kalinin, Oleg"]
[Black "Dors, Ryszard"]
[Result "1-0"]
[WhiteElo "2336"]
[BlackElo "2220"]
[EventDate "2012.09.01"]
[PlyCount "55"]

1.Nf3 Nf6 2.c4 g6 3.Nc3 d5 4.cxd5 Nxd5 5.g3 Bg7 6.Bg2 Nb6 7.d4 O-O 8.O-O 
Nc6 9.e3 e5 10.d5 Ne7 11.e4 Nc4 12.b3 Nd6 13.Ba3 h6 14.Nd2 f5 15.Nc4 Nxe4 
16.Nxe4 fxe4 17.d6 cxd6 18.Nxd6 Bf6 19.Nxe4 Qb6 20.Bc5 Qa6 21.Nxf6+ Qxf6 
22.f4 Re8 23.Qd2 exf4 24.Rae1 Bf5 25.Qxf4 Nc6 26.Qxh6 Re5 27.Ba3 Ra5 28.g4
1-0